000 00445nam a2200181Ia 4500
001 16591
005 20260306170320.0
008 260306t2007||||xx |||||||||||||| ||und||
041 _aESP
082 _a348.8
_bB61
100 _aBlancas Bustamante, Carlos
_eAUT
245 0 _aEl acoso moral en la relación de trabajo
260 _c2007
300 _a175 páginas :
_c20 cm.
650 _aGEN
654 _aCDE
942 _cLIB
_dJUS
_fJUS
_2ddc
_n
999 _c16591
_d16591